Microsoft Word, Excel and Powerpoint 2010 (Record no. 11362)
[ view plain ]
| 000 -LEADER | |
|---|---|
| fixed length control field | 00528nam a22001577a 4500 |
| 005 - DATE AND TIME OF LATEST TRANSACTION | |
| control field | 20260223060339.0 |
| 008 - FIXED-LENGTH DATA ELEMENTS--GENERAL INFORMATION | |
| fixed length control field | 260223b |||||||| |||| 00| 0 eng d |
| 020 ## - INTERNATIONAL STANDARD BOOK NUMBER | |
| International Standard Book Number | 9811285113063 |
| 040 ## - CATALOGING SOURCE | |
| Transcribing agency | jhcsc |
| 082 ## - DEWEY DECIMAL CLASSIFICATION NUMBER | |
| Classification number | 005.5 |
| 100 ## - MAIN ENTRY--PERSONAL NAME | |
| 9 (RLIN) | 10176 |
| Personal name | Gary B. Shelly | Misty E. Vermaat |
| Relator term | Author |
| 245 ## - TITLE STATEMENT | |
| Title | Microsoft Word, Excel and Powerpoint 2010 |
| Remainder of title | Essential Concepts and Techniques |
| Statement of responsibility, etc. | Gary B. Shelly | Misty E. Vermaat |
| 260 ## - PUBLICATION, DISTRIBUTION, ETC. | |
| Place of publication, distribution, etc. | Singapore |
| Name of publisher, distributor, etc. | Cengage Learning Asia Pte Ltd. |
| Date of publication, distribution, etc. | c2012 |
| 300 ## - PHYSICAL DESCRIPTION | |
| Extent | xii, QR 28 |
| Other physical details | ill. |
| 942 ## - ADDED ENTRY ELEMENTS (KOHA) | |
| Source of classification or shelving scheme | Dewey Decimal Classification |
| Koha item type | Book |
| Withdrawn status | Lost status | Source of classification or shelving scheme | Damaged status | Not for loan | Collection code | Home library | Current library | Shelving location | Date acquired | Total Checkouts | Full call number | Barcode | Date last seen | Price effective from | Koha item type |
|---|---|---|---|---|---|---|---|---|---|---|---|---|---|---|---|
| Dewey Decimal Classification | Information Technology | JHCSC - Canuto MS Enero Campus Library | JHCSC - Canuto MS Enero Campus Library | Circulation | 11/10/2014 | 005.5 She545 2012 | 2014-1315 c | 02/23/2026 | 02/23/2026 | Book | |||||
| Dewey Decimal Classification | Information Technology | JHCSC - Canuto MS Enero Campus Library | JHCSC - Canuto MS Enero Campus Library | Circulation | 11/10/2014 | 005.5 She545 2012 | 2014-1313c | 02/23/2026 | 02/23/2026 | Book |